000 01051nam a2200241 i 4500
001 bg
100 1 _aSIWIK, Adam
245 1 0 _aWielokryterialne metodyki wyznaczania wielonarażeniowych modeli życia układów izolacyjnych /
_cAdam Siwik.
246 1 1 _aMulticriterial methods of the multistress life models determination of insulation systems
260 _aKraków :
_bWydawnictwa AGH,
_c1997.
300 _a135, [1] s. :
_bwykr. ;
_c24 cm.
490 1 _aRozprawy, Monografie / Akademia Górniczo-Hutnicza im. S. Staszica,
_x0867-6631 ;
_v59
500 _aMulticriterial methods of the multistress life models determination of insulation systems.
504 _aBibliogr. s. 116-[136]. - Streszcz., summ.
650 9 _aIzolacje elektryczne
_xbadanie
_xmetody
710 _aAKADEMIA GÓRNICZO-HUTNICZA im. S. Staszica (Kraków)
830 0 _aRozprawy, Monografie (Akademia Górniczo-Hutnicza im. S. Staszica) ;
_v59
040 _cBPK
041 0 _apl
_benpl
080 _a621.315.6
942 _cKS
008 s pl f |000 0 pol
999 _c32835
_d32835
856 _uhttp://koha.tu.koszalin.pl/cgi-bin/koha/opac-detail.pl?biblionumber=32835
_yKatalog online BPK